000 00674cam a22002293a 4500
001 17542
003 PGUSA
005 20140828083356.0
008 060118s2006||||xxu|||||s|||||000 | eng d
040 _aPGUSA
_beng
042 _adc
050 4 _aPQ
100 1 _aGourmont, Remy de,
_d1858-1915
245 1 0 _aHistoire tragique de la princesse Phénissa :
_bexpliquée en quatre épisodes
_h[electronic resource] /
_cRemy de Gourmont
260 _bProject Gutenberg,
_c2006
506 _aPublic domain in the USA.
516 _aElectronic text
653 _aDrama
830 0 _aProject Gutenberg
_v17542
856 4 0 _uhttp://www.gutenberg.org/ebooks/17542
942 _cEB
999 _c246797
_d246797